Manuel d'analyse de la presse magazine (notice n° 1566205)
[ vue normale ]
| 000 -LEADER | |
|---|---|
| fixed length control field | 01169cam a2200133 4500500 |
| 005 - DATE AND TIME OF LATEST TRANSACTION | |
| control field | 20251214001510.0 |
| 041 ## - LANGUAGE CODE | |
| Language code of text/sound track or separate title | fre |
| 042 ## - AUTHENTICATION CODE | |
| Authentication code | dc |
| 100 10 - MAIN ENTRY--PERSONAL NAME | |
| Personal name | Blandin, Claire |
| Relator term | author |
| 245 00 - TITLE STATEMENT | |
| Title | Manuel d'analyse de la presse magazine |
| 260 ## - PUBLICATION, DISTRIBUTION, ETC. | |
| Name of publisher, distributor, etc. | Armand Colin,<br/> |
| Date of publication, distribution, etc. | 2018.<br/> |
| 520 ## - SUMMARY, ETC. | |
| Summary, etc. | Comment analyser la presse magazine ? Elle est un objet d’étude en plein développement. Cet ouvrage dresse en premier un panorama du domaine : sa place dans la recherche, ses outils, ses sources puis les auteurs problématisent l’étude par secteur (presse féminine, people, sportive...) ; enfin ce sont les métiers de la presse magazine qui sont présentés par des études de cas et des parcours biographiques.L’ouvrage proposé est destiné aux étudiants de sciences de l’information, mais aussi de sciences politiques, de sociologie, d’histoire, etc. qui utilisent les magazines dans le cadre de leurs travaux.Claire BLANDIN, Jamil DAKHLIA, Bibia PAVARD, François PROVENZANO, Emilie ROCHE et Claire SÉCAIL ont conçu cet ouvrage. |
| 856 41 - ELECTRONIC LOCATION AND ACCESS | |
| Uniform Resource Identifier | <a href="https://shs.cairn.info/manuel-d-analyse-de-la-presse-magazine--9782200619930?lang=fr&redirect-ssocas=7080">https://shs.cairn.info/manuel-d-analyse-de-la-presse-magazine--9782200619930?lang=fr&redirect-ssocas=7080</a> |
Pas d'exemplaire disponible.




Réseaux sociaux